Statystyki dla Grupy po cztery - Quiz

Kliknij tutaj aby rozwiązać quiz!

Ogólne statystyki

  • Ten quiz został rozwiązany 366 razy
  • Średni wynik to 37 z 64

Statystyki odpowiedzi

GroupOdpowiedź% Poprawnych
OceanyOcean Spokojny
96%
Najdłuższe Polskie RzekiWisła
96%
Najdłuższe Polskie RzekiOdra
94%
OceanyOcean Atlantycki
90%
Czterej EwangeliściJan
89%
Prezydenci USA w XXI WiekuDonald Trump
85%
Kolory KarcianeKier
85%
Czterej EwangeliściMateusz
85%
OceanyOcean Indyjski
85%
Najdłuższe Polskie RzekiWarta
85%
Prezydenci USA w XXI WiekuBarack Obama
84%
Cztery Pierwsze Pierwiastki wg Tab. MendelejewaWodór
84%
Części Składowe Zjednoczonego KrólestwaAnglia
81%
Czterej EwangeliściŁukasz
81%
Czterej EwangeliściMarek
81%
Najpopularniejsze Portale Internetowe w PolsceFacebook
80%
Części Składowe Zjednoczonego KrólestwaSzkocja
80%
Części Składowe Zjednoczonego KrólestwaWalia
79%
Kolory KarcianePik
78%
Najliczniejsze Gatunki Drzew w PolsceDąb
77%
Kolory KarcianeKaro
77%
Brązowa Drużyna Skoczków z IO 2018Kamil Stoch
76%
OceanyOcean Arktyczny
76%
Części Składowe Zjednoczonego KrólestwaIrlandia Północna
74%
Najdłuższe Polskie RzekiBug
73%
Cztery Pierwsze Pierwiastki wg Tab. MendelejewaHel
73%
Najliczniejsze Gatunki Drzew w PolsceSosna
73%
Półfinaliści Mundialu 2002Brazylia
72%
Kolory KarcianeTrefl
71%
Brązowa Drużyna Skoczków z IO 2018Dawid Kubacki
70%
Półfinaliści Mundialu 2002Niemcy
69%
Brązowa Drużyna Skoczków z IO 2018Maciej Kot
63%
Najliczniejsze Gatunki Drzew w PolsceŚwierk
63%
Najliczniejsze Gatunki Drzew w PolsceBrzoza
59%
Najpopularniejsze Portale Internetowe w PolsceYoutube
57%
Prezydenci USA w XXI WiekuGeorge W. Bush.
52%
BeatlesiJohn Lennon
52%
Brązowa Drużyna Skoczków z IO 2018Stefan Hula
46%
Tenisowy Wielki SzlemWimbledon
46%
Tenisowy Wielki SzlemAustralian Open
44%
Tenisowy Wielki SzlemUS Open
44%
Najpopularniejsze Portale Internetowe w PolsceWP.pl
44%
Najpopularniejsze Portale Internetowe w PolsceGoogle
41%
Czterej PancerniJanek Kos
41%
Prezydenci USA w XXI WiekuBill Clinton
38%
Cztery Pierwsze Pierwiastki wg Tab. MendelejewaLit
38%
Tenisowy Wielki SzlemFrench Open
37%
Półfinaliści Mundialu 2002Korea Południowa
37%
Czterej PancerniGustaw "Gustlik" Jeleń
35%
BeatlesiPaul McCartney
35%
BeatlesiRingo Starr
32%
Typy Osobowości wg HipokratesaCholeryk
30%
Cztery Najlepsze Filmy wg Rankingu FilmwebuSkazani na Shawshank
30%
Cztery Najlepsze Filmy wg Rankingu FilmwebuZielona Mila
30%
Półfinaliści Mundialu 2002Turcja
28%
Cztery Pierwsze Pierwiastki wg Tab. MendelejewaBeryl
25%
Typy Osobowości wg HipokratesaFlegmatyk
24%
Typy Osobowości wg HipokratesaSangwinik
24%
BeatlesiGeorge Harrison
20%
Typy Osobowości wg HipokratesaMelancholik
20%
Cztery Najlepsze Filmy wg Rankingu FilmwebuOjciec Chrzestny
20%
Czterej PancerniGrigorij Saakaszwili
19%
Cztery Najlepsze Filmy wg Rankingu FilmwebuNietykalni
15%
Czterej PancerniOlgierd Jarosz
12%

Rozkład punktacji

Percentyl według liczby udzielonych odpowiedzi

Procent ludzi z każdym wynikiem

Twoja historia wyników

Nie rozwiązałeś tego quizu